000 00907nam a22003018i 4500
999 _c1727
_d1727
001 022737527
003 UkOxU
005 20230120152912.0
008 200206s2020 enka j 000|f|eng|d
015 _aGBC046425
_2bnb
016 7 _a019757098
_2Uk
020 _a9781406393491 (pbk.) :
035 _a(Uk)019757098
040 _aStDuBDS
_beng
_erda
_cStDuBDS
082 0 4 _a823.92 WYA
_223
100 1 _aWyatt, Edwina,
_eauthor.
245 1 4 _aThe secrets of Magnolia Moon /
_cEdwina Wyatt ; illustrated by Katherine Quinn.
263 _a202006
264 1 _aLondon :
_bWalker Books and Subsidiaries,
_c2020.
300 _a1 volume :
_billustrations ;
_c20 cm
336 _atext
_2rdacontent
336 _astill image
_2rdacontent
337 _aunmediated
_2rdamedia
338 _avolume
_2rdacarrier
655 0 _aChildren's stories.
700 1 _aQuinn, Katherine,
_eillustrator.
942 _2ddc
_cNFIC